| 000 | 00468nam a2200181Ia 4500 | ||
|---|---|---|---|
| 003 | LK-CoDNM | ||
| 005 | 20240726111413.0 | ||
| 008 | 010623t1931 xxu||||| |||| 00| 1 fra d | ||
| 040 |
_aLK-CoDNM _dLK-CoDNM _eLK-CoDNM |
||
| 041 | _afra | ||
| 080 |
_a14 _bBB9 |
||
| 100 | _aDe Tizac,H.D'ardenne. | ||
| 245 | _aLa Sculpture Chinoise | ||
| 260 |
_bG.Van Oest _aParis _c1931 |
||
| 300 | _b49p. : 64pl ; 25 cm | ||
| 500 | _aBibliotheque D'histoire De L'art | ||
| 942 | _cBK | ||
| 999 |
_c95697 _d95697 |
||